El gobierno maquilla el modelo económico

Salvato in:
Dettagli Bibliografici
Natura: testo
Soggetti:
Tags: Aggiungi Tag
Nessun Tag, puoi essere il primo ad aggiungerne!!

MARC

LEADER 00000 a a2200000 04500
001 6904
003
040
245 |a El gobierno maquilla el modelo económico  
650 |a ECONOMIA  
650 |a EL SALVADOR  
773 |g volumen 28, número 1270; páginas 7-8  
999 |c 35775  |d 35775